|
|
|
|
| LEADER |
00000nam a2200000 a 4500 |
| 001 |
54647 |
| 003 |
CZ-ZlUTB |
| 005 |
20240829142808.0 |
| 007 |
ta |
| 008 |
100114s2007 xo ao f 000 0 slo d |
| 020 |
|
|
|a 808901853X
|q (váz.)
|
| 040 |
|
|
|a ZLD002
|b cze
|
| 043 |
|
|
|a e-xo---
|
| 072 |
|
7 |
|a 37
|x Výchova a vzdělávání
|2 Konspekt
|9 22
|
| 080 |
|
|
|a 316.346.32-053.2-056.45
|2 MRF
|
| 080 |
|
|
|a 37.01:159.928.23
|2 MRF
|
| 080 |
|
|
|a 159.922.72
|2 MRF
|
| 080 |
|
|
|a 159.956.2
|2 MRF
|
| 080 |
|
|
|a 37.0
|2 MRF
|
| 080 |
|
|
|a 37.091.39
|2 MRF
|
| 080 |
|
|
|a (437.6)
|2 MRF
|
| 080 |
|
|
|a (035)
|2 MRF
|
| 100 |
1 |
|
|a Laznibatová, Jolana
|7 xx0062563
|4 aut
|
| 245 |
1 |
0 |
|a Nadané dieťa :
|b jeho vývin, vzdelávanie a podporovanie /
|c Jolana Laznibatová
|
| 250 |
|
|
|a 3., nezmen. vyd.
|
| 260 |
|
|
|a Bratislava :
|b Iris,
|c 2007
|
| 300 |
|
|
|a 394 s., [16] s. obr. příl. :
|b il. ;
|c 23 cm
|
| 504 |
|
|
|a Obsahuje bibliografii
|
| 650 |
0 |
7 |
|a talentované děti
|7 ph135314
|2 czenas
|
| 650 |
0 |
7 |
|a pedagogika nadaných
|7 ph270274
|2 czenas
|
| 650 |
0 |
7 |
|a vývoj dítěte
|7 ph127471
|2 czenas
|
| 650 |
0 |
7 |
|a inteligence (schopnost)
|7 ph121140
|2 czenas
|
| 650 |
0 |
7 |
|a výchova a vzdělávání
|7 ph127419
|2 czenas
|
| 650 |
0 |
7 |
|a alternativní výuka
|7 ph119868
|z Slovensko
|2 czenas
|
| 650 |
0 |
9 |
|a gifted children
|2 eczenas
|
| 650 |
0 |
9 |
|a gifted education
|2 eczenas
|
| 650 |
0 |
9 |
|a child development
|2 eczenas
|
| 650 |
0 |
9 |
|a intelligence
|2 eczenas
|
| 650 |
0 |
9 |
|a education
|2 eczenas
|
| 650 |
0 |
9 |
|a alternative education
|z Slovakia
|2 eczenas
|
| 655 |
|
7 |
|a příručky
|7 fd133209
|2 czenas
|
| 655 |
|
9 |
|a handbooks, manuals, etc
|2 eczenas
|
| 910 |
|
|
|a ZLD002
|
| 952 |
|
|
|0 0
|1 0
|4 0
|6 37LAZNIBATOVÁJ
|7 0
|8 BOOK
|9 100202
|a UTBZL
|b UTBZL
|c 005
|d 2010-01-14
|l 0
|o 37/LAZNIBATOVÁ,J.
|p 420010129576
|r 2019-08-26 00:00:00
|v 332.00
|w 2019-08-26
|x N:nákup; | 20100831
|y 01
|
| 952 |
|
|
|0 0
|1 0
|4 0
|6 37LAZNIBATOVÁJ
|7 0
|8 BOOK
|9 100203
|a UTBZL
|b UTBZL
|c 006
|d 2010-01-14
|l 48
|m 4
|o 37/LAZNIBATOVÁ,J.
|p 420010129577
|r 2026-05-13 10:04:27
|s 2026-03-02
|v 332.00
|w 2019-08-26
|x N:nákup;
|y 04
|
| 992 |
|
|
|a BK
|b SK
|d 40
|
| 999 |
|
|
|c 54647
|d 54647
|